| 000 | 00731nam a2200205Ia 4500 | ||
|---|---|---|---|
| 003 | GCL | ||
| 008 | 140319s9999 xx 000 0 ara d | ||
| 040 |
_aGCL / _cGCL |
||
| 082 | 0 | 4 |
_a216 _bم ا |
| 100 | 1 | _aمحمد ابراهيم الفيومى | |
| 245 | 1 | 0 |
_aالاستشراق : _bرسالة استعمار تطور الصراع الغربى مع الاسلام / _cمحمد ابراهيم الفيومى |
| 260 |
_aالقاهرة : _bدار الفكر العربى ، _c1993 |
||
| 300 |
_a467 ص ؛ _c24 سم |
||
| 490 | _a | ||
| 650 | 0 | 4 | _aالاسلام |
| 650 | 0 | 4 | _aالاستشراق والمستشرقون |
| 650 | 0 | 4 | _aالصراع الطائفى |
| 650 | 0 | 4 | _aالصراع الاجتماعى |
| 942 |
_2ddc _cBK |
||
| 999 |
_c31793 _d31793 |
||